Na moře se chystají nákladní lodě bez posádky
Nákladné lode budúcnosti - bezpečnejšie, lacnejšie, ekologickejšie a hlavne bezpilotné. Prvá samostatná cesta prototypu bezpilotnej lode. Ľahká korisť pre pirátov. Projekt Európskej únie - MUNIN. Obavy z hackerov.
Enregistré dans:
| Auteur principal: | |
|---|---|
| Format: | Chapitre de livre |
| Langue: | tchèque |
| Sujets: | |
| Tags: |
Pas de tags, Soyez le premier à ajouter un tag!
|
MARC
| LEADER | 00000naa a2200000 4500 | ||
|---|---|---|---|
| 001 | 0200467 | ||
| 005 | 20231211081037.3 | ||
| 041 | 0 | |a cze | |
| 044 | |a CZ | ||
| 245 | 1 | 0 | |a Na moře se chystají nákladní lodě bez posádky |c Hynek Roubík |
| 520 | |a Nákladné lode budúcnosti - bezpečnejšie, lacnejšie, ekologickejšie a hlavne bezpilotné. Prvá samostatná cesta prototypu bezpilotnej lode. Ľahká korisť pre pirátov. Projekt Európskej únie - MUNIN. Obavy z hackerov. | ||
| 610 | 2 | 0 | |a doprava vodná nákladná |
| 610 | 2 | 0 | |a doprava lodná |
| 610 | 2 | 0 | |a technológie informačné |
| 610 | 2 | 0 | |a technológie komunikačné |
| 610 | 2 | 0 | |a vývoj |
| 610 | 2 | 0 | |a automatizácia |
| 610 | 2 | 0 | |a náklady |
| 610 | 2 | 0 | |a Európska únia |
| 100 | 1 | |a Roubík, Hynek | |